Normal view
MARC view
- Indígenas
Entry Materia
001 - NÚMERO DE CONTROL DEL REGISTRO
- campo de control: 1645
003 - IDENTIFICADOR DE NUMERO DE CONTROL
- campo de control: MX-MxUPN
005 - FECHA Y HORA DE LA ÚLTIMA TRANSACCIÓN
- campo de control: 20231127151738.0
008 - DATOS DE LONGITUD FIJA
- campo de control de longitud fija: 220904nn acannaabn n ana d
035 ## - NÚMERO DE CONTROL DEL SISTEMA
- Número de control del sistema: UPN10000001645
040 ## - FUENTE DE LA CATALOGACIÓN
- Lengua de catalogación: SPA
- Agencia de transcripción: UPN
- Centro catalogador de origen: UPN
046 ## - FECHAS CON CODIFICACIÓN ESPECIAL
- Fecha final para contenidos agregados: 2022
150 ## - ENCABEZAMIENTO - TEMÁTICO
- Término de materia o nombre geográfico como elemento inicial: Indígenas
450 ## - VÉASE - MATERIA
- Encabezamiento temático: Indios de América
450 ## - VÉASE - MATERIA
- Encabezamiento temático: Indios
- Subcampo de control: nno
670 ## - FUENTE EN LA QUE SE LOCALIZARON DATOS
- Cita de la fuente: E/P
670 ## - FUENTE EN LA QUE SE LOCALIZARON DATOS
- Cita de la fuente: LEMB, 1998:
- Información localizada: página 569 (Indígenas)
902 ## - CATALOGADOR
- Catalogador: BEC/181096
- Catalogador: Víctor Ruiz/271123
